Quiz sur Drake - Statistiques

Statistiques générales
  • Ce quiz a été pris 559 fois
  • Le résultat moyen est 15 sur 32
Statistiques - réponses
Hint Réponse % Correct
Ville de naissance Toronto
89%
Label créé par Drake OVO Sound
71%
Surnom de Drake (ou pseudo Instagram) Champagne Papi
67%
Prénom Aubrey
65%
Titre majeur de Drake en collaboration avec WizKid et Kyla One Dance
64%
Nom de famille Graham
63%
Titre majeur de Travis Scott en collaboration avec Drake Sicko Mode
63%
Prénom de son premier enfant Adonis
62%
Titre de Drake célèbre pour une danse réalisée dans le clip Hotline Bling
58%
Titre majeur de Drake resté 11 semaines à la première place du classement BillBoard ''Hot 100'' et récompensée d'un Grammy God's Plan
53%
Titre de Drake et Future ayant plus de 2 Milliards de vues sur YouTube Life Is Good
53%
Rappeur ayant fondé ce label Lil Wayne
51%
Rappeur avec lequel Drake collabore dans son dernier album 21 Savage
50%
Mixtape sortie en 2017 regroupant les titres Passionfruit et Portland More Life
50%
Nom de la ligne de vêtements collaborative entre Nike et Drake NOCTA
47%
Rappeur avec lequel Drake collabore dans la mixtape ''What a Time to Be Alive'' Future
46%
Album Scorpion
46%
Album Take Care
43%
Séries TV produites par Drake (citez-en 1) Top Boy | Euphoria
43%
Album Views
43%
Album Certified Lover Boy
42%
Premiers artistes signés au label de Drake (citez-en 1) PARTYNEXTDOOR | Majid Jordan
37%
Label auquel il est affilié Young Money Entertainment
34%
Album Her Loss
33%
Album Honestly, Nevermind
33%
Album Nothing Was the Same
31%
Mixtape sortie en 2019 regroupant les titres Toosie Slide et War Dark Lane Demo Tapes
29%
Série d'EP sortis en 2018 et 2021 Scary Hours
25%
Album Thank Me Later
24%
Nom de la série TV sur laquelle il a commencé sa carrière Degrassi : La Nouvelle Génération
20%
Seul artiste ayant plus souvent été à la première place du classement Billboard ''Artist 100'' Taylor Swift
13%
Animal interprété par Drake dans l'Age de Glace 4 Mammouth
11%
Aucun quiz correspondant
Distribution des résultats
% des personnes avec chaque résultat
Percentile par nombre de réponses
Votre historique - résultats
Vous n’avez pas pris ce quiz